Gangs de fiction - Statistiques

Statistiques générales
  • Ce quiz a été pris 24 fois
  • Le résultat moyen est 3 sur 12
Statistiques - réponses
Gang de fiction Univers % Correct
Los Santos Vagos Grand Theft Auto
82%
Tokyo Manjikai Tokyo Revengers
59%
Bad Guys Les Bad Guys
45%
Cartel de Juarez Breaking Bad
32%
Exocet Riders One Piece
27%
Oni-Baku Great Teacher Onizuka
23%
Van der Linde Red Dead Redemption
23%
Tojo Clan Yakuza
9%
Shishigumi Beastars
5%
Dollars Durarara
0%
Gang de Helter Skelter Fallout
0%
Gang Vatos The Walking Dead
0%
Aucun quiz correspondant
Distribution des résultats
% des personnes avec chaque résultat
Percentile par nombre de réponses
Votre historique - résultats
Vous n’avez pas pris ce quiz